| 000 | 00737nam a2200229 i 4500 | ||
|---|---|---|---|
| 001 | 87486 | ||
| 003 | ES-MaACL | ||
| 005 | 20230906175659.0 | ||
| 007 | t| | ||
| 008 | 041222s1979 sp ||||1| spa d | ||
| 100 | 1 |
_aKretzmann, R. _968821 |
|
| 245 | 1 | 0 |
_aElectrónica y automática aplicadas a la industria / _cR. Kretzmann, J.M. Angulo ; [traducido por Daniel Santano y León]. |
| 250 | _a7ª ed., aum. | ||
| 260 |
_aMadrid : _bParaninfo, _c1979. |
||
| 300 |
_a673 p. : _bil. ; _c21 cm. |
||
| 490 | 1 | _aBiblioteca técnica Philips | |
| 700 | 1 |
_aAngulo, J. M. _921778 |
|
| 700 | 1 |
_aSantano y León, Daniel. _9181683 |
|
| 830 | 0 |
_aBiblioteca técnica Philips _9181540 |
|
| 852 |
_aES-MaACL _jA-9586 _bR.98716 |
||
| 999 |
_c87486 _d87486 |
||